Arctic chill / (Record no. 3527)

MARC details
000 -LEADER
fixed length control field 00757nam a2200217 ar4500
001 - CONTROL NUMBER
control field 3529
005 - DATE AND TIME OF LATEST TRANSACTION
control field 20221127090751.0
008 - FIXED-LENGTH DATA ELEMENTS--GENERAL INFORMATION
fixed length control field 130925s xxk 0001f|eng d
020 ## - INTERNATIONAL STANDARD BOOK NUMBER
International Standard Book Number 9780099542322(pbk)
082 04 - DEWEY DECIMAL CLASSIFICATION NUMBER
Classification number 839.693
Item number In2 2008
100 1# - MAIN ENTRY--PERSONAL NAME
Personal name Indridason, Arnaldur.
245 10 - TITLE STATEMENT
Title Arctic chill /
Statement of responsibility, etc. Arnaldur Indridason ; translated from Icelandic by Bernard Scudder and Victoria Cribb.
260 ## - PUBLICATION, DISTRIBUTION, ETC.
Place of publication, distribution, etc. London :
Name of publisher, distributor, etc. Vintage,
Date of publication, distribution, etc. 2008.
300 ## - PHYSICAL DESCRIPTION
Extent 344 p. ;
Dimensions 20 cm.
650 #4 - SUBJECT ADDED ENTRY--TOPICAL TERM
Topical term or geographic name entry element Icelandic fiction
General subdivision Translations into English.
650 #4 - SUBJECT ADDED ENTRY--TOPICAL TERM
Topical term or geographic name entry element Icelandic literature
Chronological subdivision 20th century.
650 #4 - SUBJECT ADDED ENTRY--TOPICAL TERM
Topical term or geographic name entry element Detective and mystery stories.
651 #4 - SUBJECT ADDED ENTRY--GEOGRAPHIC NAME
Geographic name Iceland
General subdivision Race relations
Form subdivision Fiction.
700 0# - ADDED ENTRY--PERSONAL NAME
Personal name Scudder, Bernard,
Relator term translator.
700 0# - ADDED ENTRY--PERSONAL NAME
Personal name cribb, Victoria,
Relator term translator.
Holdings
Withdrawn status Lost status Source of classification or shelving scheme Damaged status Not for loan Home library Current library Date acquired Total Checkouts Full call number Barcode Date last seen Copy number Price effective from Koha item type
              11/27/2022   839.693 In2 2008 1000000010234 11/27/2022 C1 11/27/2022 Book